Statystyki dla CO ŁADNIE PACHNIE?

Kliknij tutaj aby rozwiązać quiz!

Ogólne statystyki

  • Ten quiz został rozwiązany 338 razy
  • Średni wynik to 2 z 7

Statystyki odpowiedzi

Odpowiedz% Poprawnych
PERFUMY
97%
KWIATKI
41%
Owoce
35%
ODŚWIEŻACZ
23%
Kobieta
18%
ŻEL POD PRYSZNIC
14%
ŚWIECA ZAPACHOWA
8%

Rozkład punktacji

Percentyl według liczby udzielonych odpowiedzi

Procent ludzi z każdym wynikiem

Twoja historia wyników

Nie rozwiązałeś tego quizu